[Event "Pinneberg-ch 37th"]
[Site "Pinneberg"]
[Date "2019.08.22"]
[Round "3"]
[White "Quitzau, Lukas"]
[Black "Kaland, Joachim"]
[Result "1-0"]
[WhiteElo "1665"]
[BlackElo "1511"]
[PlyCount "111"]
[EventDate "2019.08.08"]
[EventType "swiss"]
[EventRounds "7"]
[EventCountry "GER"]
[SourceTitle "CBM 192 Extra"]
[Source "Chessbase"]
[SourceDate "2019.11.06"]
[SourceVersion "1"]
[SourceVersionDate "2019.11.06"]
[SourceQuality "1"]

1. d4 e6 2. c4 Nf6 3. Nc3 Bb4 4. Qc2 0-0 5. e4 Bxc3+ 6. bxc3 Ne8 7. Bd3 g6 8. Nf3 d6 9. h4 Ng7 10. h5 Nxh5 11. Rxh5 gxh5 12. Bh6 Nd7 13. e5 f5 14. 0-0-0 Qe7 15. Rh1 Qf7 16. Qd2 Qg6 17. Nh4 Qf7 18. Qg5+ Kh8 19. Bxf8 Nxf8 20. exd6 cxd6 21. Qd8 b6 22. Qxd6 Bb7 23. Rh3 Ng6 24. Rg3 Rg8 25. Be2 Nxh4 26. Qe5+ Rg7 27. Rxg7 Qxg7 28. Qb8+ Qg8 29. Qxb7 Qxg2 30. Qxg2 Nxg2 31. c5 bxc5 32. dxc5 Nf4 33. Bc4 Ng6 34. c6 Ne7 35. c7 e5 36. Kd2 Kg7 37. Be6 Kf6 38. c8Q Nxc8 39. Bxc8 h4 40. Ba6 h3 41. Bf1 h2 42. Bg2 h5 43. c4 Ke6 44. c5 h4 45. Kc3 e4 46. Kd4 a6 47. a3 a5 48. a4 Kd7 49. Kd5 Kc7 50. c6 Kc8 51. Kd6 Kd8 52. c7+ Kc8 53. Kc6 e3 54. Bd5 h1Q 55. Bxh1 e2 56. Bd5 1-0

[Event "Pinneberg-ch 37th"]
[Site "Pinneberg"]
[Date "2019.08.08"]
[Round "1"]
[White "Van Riesen, Klaus"]
[Black "Kaland, Joachim"]
[Result "1-0"]
[WhiteElo "1981"]
[BlackElo "1511"]
[PlyCount "59"]
[EventDate "2019.08.08"]
[EventType "swiss"]
[EventRounds "7"]
[EventCountry "GER"]
[SourceTitle "CBM 192 Extra"]
[Source "Chessbase"]
[SourceDate "2019.11.06"]
[SourceVersion "1"]
[SourceVersionDate "2019.11.06"]
[SourceQuality "1"]

1. e4 e6 2. d4 d5 3. Nc3 Bb4 4. e5 c5 5. a3 Bxc3+ 6. bxc3 Qc7 7. Nf3 Ne7 8. Be2 Nbc6 9. 0-0 0-0 10. a4 f6 11. exf6 Rxf6 12. Bg5 Rf7 13. Bb5 Bd7 14. Bxe7 Nxe7 15. Bxd7 Qxd7 16. Ne5 Qe8 17. Nxf7 Qxf7 18. Rb1 b6 19. a5 bxa5 20. Rb7 Qf6 21. Qe2 cxd4 22. cxd4 Nc6 23. c3 Nd8 24. Rc7 a4 25. Qb5 a3 26. Ra1 h6 27. h3 Qf4 28. Qe8+ Kh7 29. Rd7 Qb8 30. Qe7 1-0

[Event "SVE Seniors op 2nd"]
[Site "Eidelstedt"]
[Date "2019.07.29"]
[Round "5"]
[White "Kaland, Joachim"]
[Black "Blittkowsky, Ralf"]
[Result "0-1"]
[WhiteElo "1511"]
[BlackElo "1656"]
[PlyCount "62"]
[EventDate "2019.07.15"]
[EventType "swiss"]
[EventRounds "7"]
[EventCountry "GER"]
[SourceTitle "EXT 2020"]
[Source "ChessBase"]
[SourceDate "2019.10.17"]
[SourceVersion "1"]
[SourceVersionDate "2019.10.17"]
[SourceQuality "1"]

1. e4 d6 2. d4 g6 3. f4 Bg7 4. Nf3 Nf6 5. Nc3 0-0 6. Be2 c6 7. 0-0 b5 8. a3 a6 9. h3 Nbd7 10. Be3 Nb6 11. Qd2 Qc7 12. Rad1 Be6 13. b3 Rad8 14. Nh4 Kh8 15. f5 gxf5 16. Nxf5 Rg8 17. Nxg7 Rxg7 18. Bh6 Rg6 19. Bg5 Rdg8 20. Bxf6+ exf6 21. g4 d5 22. Qf4 Qe7 23. Rf2 dxe4 24. Nxe4 Nd5 25. Qd6 f5 26. Qxe7 Nxe7 27. Nc5 fxg4 28. Rg2 gxh3 29. Rxg6 Rxg6+ 30. Kh1 Bd5+ 31. Kh2 Rg2+ 0-1

[Event "SVE Seniors op 2nd"]
[Site "Eidelstedt"]
[Date "2019.07.15"]
[Round "1"]
[White "Van Riesen, Klaus"]
[Black "Kaland, Joachim"]
[Result "1-0"]
[WhiteElo "2053"]
[BlackElo "1511"]
[PlyCount "49"]
[EventDate "2019.07.15"]
[EventType "swiss"]
[EventRounds "7"]
[EventCountry "GER"]
[SourceTitle "EXT 2020"]
[Source "ChessBase"]
[SourceDate "2019.10.17"]
[SourceVersion "1"]
[SourceVersionDate "2019.10.17"]
[SourceQuality "1"]

1. c4 e6 2. g3 Nf6 3. Bg2 c5 4. Nf3 Nc6 5. 0-0 Be7 6. d4 d5 7. cxd5 Nxd5 8. Nc3 cxd4 9. Nxd4 Nxc3 10. bxc3 Ne5 11. Bf4 Nd7 12. Nb5 e5 13. Be3 a6 14. Nd6+ Bxd6 15. Qxd6 Qe7 16. Qc7 0-0 17. Rfd1 Re8 18. Bxb7 Bxb7 19. Rxd7 Qe6 20. Qxb7 Rab8 21. Qd5 Qf6 22. Rd6 Qe7 23. Rxa6 Red8 24. Qf3 Rd7 25. Ra8 1-0

[Event "Pinneberg-ch"]
[Site "Pinneberg"]
[Date "2017.10.05"]
[Round "5"]
[White "Kaland, Joachim"]
[Black "Sausmikat, Michael"]
[Result "0-1"]
[WhiteElo "1510"]
[BlackElo "1574"]
[PlyCount "50"]
[EventDate "2017.09.07"]
[EventType "swiss"]
[EventRounds "7"]
[EventCountry "GER"]
[SourceTitle "EXT 2019"]
[Source "ChessBase"]
[SourceDate "2018.10.10"]
[SourceVersion "1"]
[SourceVersionDate "2018.10.10"]
[SourceQuality "1"]

1. e4 d6 2. d4 Nf6 3. Nc3 g6 4. Nf3 Bg7 5. h3 0-0 6. Bd3 Nbd7 7. 0-0 c6 8. Re1 Re8 9. Ne2 e5 10. dxe5 Nxe5 11. Nxe5 dxe5 12. Be3 Bd7 13. Qd2 Qc7 14. Rad1 Rad8 15. Qc1 Rc8 16. Ng3 Rcd8 17. Bg5 Rc8 18. h4 Bg4 19. f3 Be6 20. b3 Qa5 21. a4 a6 22. Bxf6 Bxf6 23. Qh6 Qc5+ 24. Kh2 Qe7 25. h5 Bg5 0-1

[Event "Pinneberg-ch"]
[Site "Pinneberg"]
[Date "2016.09.29"]
[Round "5"]
[White "Kaland, Joachim"]
[Black "Olschok, Juergen"]
[Result "0-1"]
[WhiteElo "1498"]
[BlackElo "1690"]
[PlyCount "152"]
[EventDate "2016.09.01"]
[EventType "swiss"]
[EventRounds "7"]
[EventCountry "GER"]
[SourceTitle "EXT 2018"]
[Source "ChessBase"]
[SourceDate "2017.10.13"]
[SourceVersion "1"]
[SourceVersionDate "2017.10.13"]
[SourceQuality "1"]

1. e4 e6 2. d4 d5 3. Nc3 Nf6 4. Bg5 Bb4 5. e5 h6 6. exf6 hxg5 7. fxg7 Rg8 8. h4 gxh4 9. Qh5 Qf6 10. Rxh4 Qxg7 11. Nf3 Nd7 12. Rh3 Nf6 13. Qe5 Bd6 14. Qe2 Bd7 15. Ne5 Bxe5 16. Qxe5 0-0-0 17. Rg3 Qh6 18. Rh3 Qg5 19. Rf3 Qxe5+ 20. dxe5 Ng4 21. Rxf7 Nxe5 22. Rh7 Rdf8 23. f3 Ng6 24. 0-0-0 Nf4 25. Rh2 c6 26. Ne2 Ng6 27. b3 c5 28. a4 Rg7 29. Rh3 Ne5 30. Rh5 Nc6 31. c3 Na5 32. Kb2 c4 33. b4 Nb3 34. a5 b6 35. axb6 axb6 36. Nd4 Nxd4 37. Rxd4 Kc7 38. Rd1 Ra8 39. Ra1 Rxa1 40. Kxa1 Kd6 41. g4 Ba4 42. Rh2 Rf7 43. Rf2 e5 44. Bg2 Bd7 45. Re2 Be6 46. Ra2 Rh7 47. Re2 Rh2 48. Bf1 Rh1 49. Rf2 d4 50. Kb2 d3 51. g5 Rg1 52. Bg2 Bf5 53. Rd2 Bg6 54. Rf2 Re1 55. Bf1 Ke6 56. Bh3+ Bf5 57. Bf1 b5 58. Ka3 d2 59. Bxc4+ bxc4 60. Rxd2 Rf1 61. b5 Rxf3 62. Kb2 Bd3 63. b6 Rf8 64. Rh2 Rb8 65. Rh6+ Kf5 66. Ka3 Kxg5 67. Rd6 e4 68. Kb4 Kf4 69. Kb5 Ke3 70. Kc6 Kd2 71. Kc7 Rxb6 72. Rxb6 Kxc3 73. Re6 Kd2 74. Rh6 e3 75. Rh2+ e2 76. Kc6 c3 0-1

[Event "Pinneberg op Seniors 15th"]
[Site "Pinneberg"]
[Date "2014.??.??"]
[Round "5"]
[White "Kaland, Joachim"]
[Black "Dunst, Martin"]
[Result "1-0"]
[WhiteElo "1561"]
[BlackElo "1363"]
[PlyCount "53"]
[EventDate "2014.07.03"]
[EventType "swiss"]
[EventRounds "7"]
[EventCountry "GER"]
[SourceTitle "EXT 2017"]
[Source "ChessBase"]
[SourceDate "2016.10.25"]
[SourceVersion "1"]
[SourceVersionDate "2016.10.25"]
[SourceQuality "1"]

1. e4 Nf6 2. e5 Nd5 3. d4 d6 4. Nf3 Bg4 5. Be2 e6 6. 0-0 Be7 7. c4 Nb6 8. b3 N8d7 9. Nc3 dxe5 10. Nxe5 Bxe2 11. Qxe2 Nxe5 12. dxe5 c6 13. Be3 Qc7 14. f4 Nd7 15. Rad1 Rd8 16. Ne4 Nb6 17. Qg4 Rxd1 18. Rxd1 0-0 19. Nf6+ Bxf6 20. exf6 g6 21. Qg5 Kh8 22. Bc5 Rg8 23. Bd6 Qd8 24. Rd3 Nd7 25. Be7 Qe8 26. Rh3 Nf8 27. Qh6 1-0

[Event "Pinneberg-ch"]
[Site "Pinneberg"]
[Date "2008.10.10"]
[Round "7"]
[White "Ladda, Niels"]
[Black "Kaland, Joachim"]
[Result "1/2-1/2"]
[WhiteElo "1458"]
[BlackElo "1604"]
[PlyCount "42"]
[EventDate "2008.08.28"]
[EventType "swiss"]
[EventRounds "7"]
[EventCountry "GER"]
[SourceTitle "EXT 2011"]
[Source "ChessBase"]
[SourceDate "2010.11.26"]
[SourceVersion "1"]
[SourceVersionDate "2010.11.26"]
[SourceQuality "1"]

1. d4 e6 2. c4 Nf6 3. Nc3 Bb4 4. f3 c5 5. d5 d6 6. e4 e5 7. Bd3 0-0 8. Nge2 Nbd7 9. 0-0 Bxc3 10. bxc3 Re8 11. Ng3 Nf8 12. f4 exf4 13. Bxf4 h6 14. Qc1 Ng4 15. h3 Ne5 16. Bb1 Qh4 17. Nf5 Bxf5 18. Bxe5 Rxe5 19. Rxf5 Qg3 20. Rf3 Qh4 21. Rf5 Qg3 1/2-1/2

[Event "Pinneberg-ch"]
[Site "Pinneberg"]
[Date "2008.10.02"]
[Round "6"]
[White "Kaland, Joachim"]
[Black "Klockgether, Jens"]
[Result "0-1"]
[WhiteElo "1604"]
[BlackElo "1894"]
[PlyCount "82"]
[EventDate "2008.08.28"]
[EventType "swiss"]
[EventRounds "7"]
[EventCountry "GER"]
[SourceTitle "EXT 2011"]
[Source "ChessBase"]
[SourceDate "2010.11.26"]
[SourceVersion "1"]
[SourceVersionDate "2010.11.26"]
[SourceQuality "1"]

1. e4 c5 2. f4 Nc6 3. Nf3 g6 4. Bc4 Bg7 5. 0-0 e6 6. d3 Nge7 7. a3 0-0 8. Qe1 a6 9. Nc3 b5 10. Ba2 Bb7 11. Rb1 Rc8 12. Be3 Nd4 13. Qf2 Nxf3+ 14. Qxf3 d5 15. exd5 exd5 16. Ne2 Qd7 17. Qf2 d4 18. Bd2 c4 19. Kh1 Nf5 20. Ng3 Nh6 21. Ne4 Qc6 22. Bb4 Rfd8 23. Rbe1 Ng4 24. Qh4 Ne3 25. Rf2 h6 26. Be7 Rd7 27. Bf6 Nf5 28. Qh3 Bxf6 29. dxc4 bxc4 30. Bxc4 Bg7 31. b3 Nd6 32. Bd5 Nxe4 33. Bxe4 Qc7 34. Bd3 Re7 35. Rfe2 Rce8 36. Qg4 Rxe2 37. Rxe2 Rxe2 38. Qxe2 Qc6 39. Kg1 Bf6 40. Bc4 Bh4 41. Qg4 Qe4 0-1

[Event "Pinneberg-ch"]
[Site "Pinneberg"]
[Date "2007.10.11"]
[Round "7"]
[White "Kaland, Joachim"]
[Black "Hitzker, Johann"]
[Result "1/2-1/2"]
[WhiteElo "1644"]
[BlackElo "1465"]
[PlyCount "87"]
[EventDate "2007.08.30"]
[EventType "swiss"]
[EventRounds "7"]
[EventCountry "GER"]
[SourceTitle "CBM 120 Extra"]
[Source "ChessBase"]
[SourceDate "2007.11.01"]
[SourceVersion "1"]
[SourceVersionDate "2007.11.01"]
[SourceQuality "1"]

1. e4 b6 2. f4 e6 3. Nf3 Nc6 4. Bb5 Bb7 5. 0-0 g6 6. Nc3 Bg7 7. Bxc6 Bxc6 8. d3 d6 9. Qe2 Ne7 10. Bd2 Qd7 11. Kh1 f6 12. Rae1 0-0-0 13. e5 fxe5 14. fxe5 d5 15. d4 h6 16. Qa6+ Kb8 17. a4 Bb7 18. Qd3 Qc8 19. b4 a6 20. Ra1 c6 21. Ne2 g5 22. c4 dxc4 23. Qxc4 Nd5 24. Qd3 Ne7 25. Ng3 g4 26. Nh4 Bxe5 27. Bf4 Bxf4 28. Rxf4 e5 29. Re4 Rxd4 30. Rxd4 exd4 31. Qxd4 Nd5 32. Nhf5 h5 33. Nd6 Qg8 34. Re1 Qh7 35. Ngf5 Rf8 36. Qe5 Ka7 37. a5 b5 38. Qd4+ Ka8 39. Rf1 Bc8 40. Nxc8 Rxc8 41. Qc5 Qa7 42. Qd6 Qf7 43. Ng3 Qe8 44. Qc5 1/2-1/2

[Event "Pinneberg-ch"]
[Site "Pinneberg"]
[Date "2006.09.21"]
[Round "6.27"]
[White "Kaland, Joachim"]
[Black "Iwanow, Thomas"]
[Result "1-0"]
[WhiteElo "1624"]
[BlackElo "1745"]
[PlyCount "59"]
[EventDate "2006.08.22"]
[EventType "swiss"]
[EventRounds "7"]
[EventCountry "GER"]
[SourceTitle "EXT 2007"]
[Source "ChessBase"]
[SourceDate "2006.11.23"]
[SourceVersion "1"]
[SourceVersionDate "2006.11.23"]
[SourceQuality "1"]

1. e4 e6 2. d4 d5 3. Nc3 Nf6 4. e5 Nfd7 5. Nf3 Be7 6. h4 h6 7. Be3 b6 8. Ne2 Ba6 9. c3 c5 10. a3 Nc6 11. g3 Na5 12. Nd2 Bd3 13. Nf4 Bxf1 14. Kxf1 Qc8 15. Qg4 Kf8 16. Qf3 Kg8 17. Qg4 Nf8 18. Nh5 Ng6 19. Qf3 Qa6+ 20. Kg2 Nc4 21. Nxc4 Qxc4 22. Nf6+ gxf6 23. exf6 Bf8 24. h5 Qd3 25. hxg6 fxg6 26. f7+ Kh7 27. Rxh6+ Bxh6 28. Rh1 Kg7 29. Bxh6+ Rxh6 30. Qxd3 1-0

[Event "Pinneberg-ch"]
[Site "Pinneberg"]
[Date "2005.08.18"]
[Round "2"]
[White "Kaland, Joachim"]
[Black "Grothkopp, Dietrich"]
[Result "0-1"]
[WhiteElo "1574"]
[BlackElo "1741"]
[PlyCount "70"]
[EventDate "2005.08.11"]
[EventType "swiss"]
[EventRounds "7"]
[EventCountry "GER"]
[SourceTitle "EXT 2006"]
[Source "ChessBase"]
[SourceDate "2005.11.24"]
[SourceVersion "1"]
[SourceVersionDate "2005.11.24"]
[SourceQuality "1"]

1. e4 c6 2. f4 e5 3. Nf3 exf4 4. Bc4 d5 5. exd5 cxd5 6. Bb5+ Bd7 7. Bxd7+ Nxd7 8. 0-0 Bd6 9. d4 h6 10. Qe1+ Ne7 11. Nc3 0-0 12. Qh4 Nf6 13. Ne2 Ng6 14. Qh3 Rc8 15. Nc3 Bb8 16. Bd2 Rc6 17. Rac1 Ne4 18. Be1 f5 19. Nh4 Nxh4 20. Bxh4 g5 21. Be1 Qf6 22. Ne2 Kh7 23. c3 Qd6 24. Qf3 Qd7 25. Qh5 Nf6 26. Qh3 Re8 27. Rc2 Re3 28. g3 Qe6 29. Qg2 fxg3 30. hxg3 Ng4 31. Rf3 Rc8 32. Rd2 Re4 33. Qf1 Kg6 34. Qg2 Re8 35. Qf1 Rxe2 0-1